Quiz de Uganda - Statistics

Estatísticas Gerais
  • Esse quiz foi jogado 414 vezes
  • A pontuação média é 10 de 17
Estatísticas das Respostas
Dica Resposta % Correto
Línguas oficiais Inglês
92%
Países fazendo fronteira com Uganda Ruanda
89%
Países fazendo fronteira com Uganda Quênia
86%
Países fazendo fronteira com Uganda R. D. do Congo
84%
Países fazendo fronteira com Uganda Tanzânia
83%
Países fazendo fronteira com Uganda Sudão do Sul
76%
Grande parte do território deUganda é ocupado por esse lago Lago Vitória
68%
Capital Kampala
66%
Maior tipo de exportação (um grão) Café
61%
Línguas oficiais Suaíli
51%
Ditador conhecido como "O açougueiro de Uganda" Idi Amin
42%
Em 1976, comandos deste paísresgataram os passageiros de um avião que aterrissou no aeroporto de Entebbe Israel
36%
Moeda oficial Xelim
31%
Maior montanha, nomeado para um explorador britânico Monte Stanley
26%
Pássaro que aparece na bandeira {Grou}-coroado-oriental
22%
Grupo terrorista que usa crianças-soldados Exército de Resistência do {Senhor}
21%
Líder do grupo acima Joseph Kony
20%
Nenhum quiz correspondente encontrado
Distribuição das Pontuações
Porcentagem de Pessoas com Cada Pontuação
Percentil de Números Respondidos
Sua Pontuação Histórica
Você não jogou esse quiz